000 00277 a2200109 4500
000 nam a22 7a 4500
005 20260316100755.0
100 _aChiun, Yan
_91132088
245 _aCoulomb excitations and decays related systems
260 _bCRC Press
_c2020
942 _cTEXL
999 _c1715446
_d1715446